[Event "Salento op 3rd"]
[Site "Gallipoli"]
[Date "2014.05.19"]
[Round "4"]
[White "Walton, Alan J"]
[Black "Pizzuto, Samuele Tullio"]
[Result "1/2-1/2"]
[WhiteElo "2118"]
[BlackElo "2062"]
[PlyCount "50"]
[EventDate "2014.05.17"]
[EventType "swiss"]
[EventRounds "9"]
[EventCountry "ITA"]
[SourceTitle "CBM 160 Extra"]
[Source "ChessBase"]
[SourceDate "2014.07.01"]
[SourceVersion "1"]
[SourceVersionDate "2014.07.01"]
[SourceQuality "1"]

1. d4 d6 2. e4 Nf6 3. Nc3 Nbd7 4. Nf3 e5 5. Bc4 Be7 6. 0-0 0-0 7. h3 c6 8. a4 Nxe4 9. Bxf7+ Rxf7 10. Nxe4 exd4 11. Nfg5 Bxg5 12. Bxg5 Qf8 13. Qxd4 d5 14. Ng3 Nc5 15. Bd2 Ne6 16. Qe5 Nf4 17. Bxf4 Rxf4 18. Ra3 Bd7 19. Rb3 Re8 20. Qc7 Bc8 21. Qa5 a6 22. Nh5 Rf5 23. Ng3 Rf4 24. Nh5 Rf5 25. Ng3 Rf4 1/2-1/2

[Event "Salento op 2nd"]
[Site "Gallipoli"]
[Date "2013.06.01"]
[Round "9"]
[White "Ranfagni, Stefano"]
[Black "Pizzuto, Samuele Tullio"]
[Result "1-0"]
[WhiteElo "1994"]
[BlackElo "2099"]
[PlyCount "111"]
[EventDate "2013.05.25"]
[EventType "swiss"]
[EventRounds "9"]
[EventCountry "ITA"]
[SourceTitle "EXT 2014"]
[Source "ChessBase"]
[SourceDate "2013.11.20"]
[SourceVersion "1"]
[SourceVersionDate "2013.11.20"]
[SourceQuality "1"]

1. c4 e5 2. Nc3 Nf6 3. g3 d5 4. cxd5 Nxd5 5. Bg2 Nb6 6. d3 Nc6 7. Nf3 Be7 8. 0-0 0-0 9. a3 Be6 10. b4 a5 11. b5 Nd4 12. Nxd4 exd4 13. Na4 Bd5 14. Nxb6 cxb6 15. Bxd5 Qxd5 16. Qa4 Bc5 17. Bb2 Rfe8 18. Rfe1 Re6 19. Qc4 Qd7 20. Bc1 Rae8 21. Ra2 h5 22. h4 Rg6 23. Bg5 Kh7 24. Kh2 Rge6 25. Kg2 Re5 26. Bf4 R5e7 27. Qb3 f6 28. Rc2 Qf5 29. Bc1 g5 30. e4 dxe3 31. Bxe3 g4 32. Rce2 Qf3+ 33. Kh2 Kg7 34. d4 Bd6 35. Qb2 Bxg3+ 36. fxg3 Rxe3 37. Rxe3 Rxe3 38. Rxe3 Qxe3 39. a4 Qe6 40. Qc2 Qd6 41. Qe4 Qd7 42. Kg2 Kf8 43. Kf2 Qf7 44. d5 Qc7 45. Qf5 Qc5+ 46. Kg2 Qc3 47. Qf4 Qc2+ 48. Kf1 Qd1+ 49. Kf2 Qc2+ 50. Ke3 Qc3+ 51. Ke4 Qc2+ 52. Ke3 Qb3+ 53. Ke2 Qb2+ 54. Ke3 Qc1+ 55. Ke4 Kf7 56. Qxc1 1-0

[Event "Salento op 2nd"]
[Site "Gallipoli"]
[Date "2013.05.31"]
[Round "8"]
[White "Wynarczyk, Raymond"]
[Black "Pizzuto, Samuele Tullio"]
[Result "0-1"]
[WhiteElo "1959"]
[BlackElo "2099"]
[PlyCount "92"]
[EventDate "2013.05.25"]
[EventType "swiss"]
[EventRounds "9"]
[EventCountry "ITA"]
[SourceTitle "EXT 2014"]
[Source "ChessBase"]
[SourceDate "2013.11.20"]
[SourceVersion "1"]
[SourceVersionDate "2013.11.20"]
[SourceQuality "1"]

1. e4 Nc6 2. d4 e5 3. Nf3 exd4 4. Nxd4 Bb4+ 5. c3 Bc5 6. Be3 Bb6 7. Na3 Nf6 8. Nxc6 bxc6 9. Bxb6 axb6 10. Bd3 d5 11. exd5 0-0 12. 0-0 cxd5 13. Re1 c5 14. Qf3 Be6 15. Nc2 Qd7 16. Ne3 Rfe8 17. a3 Rad8 18. Rad1 Qa4 19. Bc2 Qb5 20. Qe2 Qxe2 21. Rxe2 Bg4 22. f3 d4 23. fxg4 Nxg4 24. Nxg4 Rxe2 25. Bb3 Rxb2 26. Bc4 Rc2 27. Ne5 Rxc3 28. Nxf7 Ra8 29. Nd6+ Kf8 30. Bd5 Rd8 31. Nb5 Re3 32. Rf1+ Ke8 33. Bc4 Rd7 34. Kf2 Re5 35. Re1 Rde7 36. Nc7+ Kd7 37. Rxe5 Rxe5 38. Nd5 Kc6 39. Nf4 b5 40. Bg8 h6 41. Bh7 c4 42. h4 g5 43. Ne2 Kc5 44. h5 d3 45. Ng3 d2 46. Bc2 Re1 0-1

[Event "Salento op 1st"]
[Site "Gallipoli"]
[Date "2012.05.25"]
[Round "8"]
[White "Pizzuto, Samuele Tullio"]
[Black "Sprotte, Norbert"]
[Result "1-0"]
[WhiteElo "2132"]
[BlackElo "2180"]
[PlyCount "75"]
[EventDate "2012.05.19"]
[EventType "swiss"]
[EventRounds "9"]
[EventCountry "ITA"]
[SourceTitle "CBM 148 Extra"]
[Source "ChessBase"]
[SourceDate "2012.06.22"]
[SourceVersion "1"]
[SourceVersionDate "2012.06.22"]
[SourceQuality "1"]

1. e4 e6 2. Nc3 d5 3. Nf3 Nf6 4. e5 Nfd7 5. d4 c5 6. dxc5 Bxc5 7. Bd3 Nc6 8. Bf4 f6 9. exf6 Nxf6 10. 0-0 0-0 11. Ne5 Nxe5 12. Bxe5 a6 13. Qe2 Bd7 14. Rae1 Qe8 15. Kh1 Qh5 16. Qxh5 Nxh5 17. f4 b5 18. a3 b4 19. axb4 Bxb4 20. g3 Nf6 21. Bd4 a5 22. Ra1 Rfc8 23. Na4 Bxa4 24. Rxa4 Nd7 25. Rfa1 Rab8 26. R1a2 Bc5 27. Bc3 Bb6 28. Bb5 Nc5 29. R4a3 Ne4 30. Be5 Rxc2 31. Bxb8 Nf2+ 32. Kg2 Ng4+ 33. Be2 Rxe2+ 34. Kf3 Rxh2 35. b3 Nf2 36. Re2 g5 37. fxg5 Bd4 38. Raa2 1-0

[Event "Otranto op 1st"]
[Site "Otranto"]
[Date "2011.05.25"]
[Round "6"]
[White "Pizzuto, Samuele Tullio"]
[Black "Virzi, Ettore"]
[Result "1-0"]
[WhiteElo "2136"]
[BlackElo "1963"]
[PlyCount "71"]
[EventDate "2011.05.21"]
[EventType "swiss"]
[EventRounds "9"]
[EventCountry "ITA"]
[SourceTitle "CBM 142 Extra"]
[Source "ChessBase"]
[SourceDate "2011.06.27"]
[SourceVersion "1"]
[SourceVersionDate "2011.06.27"]
[SourceQuality "1"]

1. e4 e5 2. Nc3 Nc6 3. Nf3 Nf6 4. g3 d5 5. exd5 Nxd5 6. Bg2 Nxc3 7. bxc3 Bc5 8. 0-0 0-0 9. d3 Bb6 10. Rb1 h6 11. Rb5 a6 12. Rb1 Bg4 13. Qe1 Re8 14. h3 Be6 15. c4 e4 16. Qxe4 Bxh3 17. Qf4 Bxg2 18. Kxg2 Rb8 19. Bb2 Bc5 20. Qg4 Bf8 21. Rh1 Qc8 22. Qf4 Bd6 23. Qd2 Ne5 24. Qc3 Qg4 25. Nd2 f6 26. Rh4 Qg6 27. Ne4 Be7 28. Rh3 a5 29. Qxa5 Nc6 30. Qxc7 Qf5 31. g4 Qg6 32. Rg3 Ne5 33. Bc3 Qf7 34. Rxb7 Rxb7 35. Qxb7 Qe6 36. Qd5 1-0

[Event "Otranto op 1st"]
[Site "Otranto"]
[Date "2011.05.23"]
[Round "3"]
[White "Thorfinnsson, Bjorn"]
[Black "Pizzuto, Samuele Tullio"]
[Result "1-0"]
[WhiteElo "2415"]
[BlackElo "2136"]
[PlyCount "65"]
[EventDate "2011.05.21"]
[EventType "swiss"]
[EventRounds "9"]
[EventCountry "ITA"]
[SourceTitle "CBM 142 Extra"]
[Source "ChessBase"]
[SourceDate "2011.06.27"]
[SourceVersion "1"]
[SourceVersionDate "2011.06.27"]
[SourceQuality "1"]

1. c4 Nc6 2. g3 e5 3. Bg2 f5 4. Nc3 Bb4 5. Nd5 Bc5 6. e3 Nf6 7. Ne2 d6 8. d4 Bb6 9. b4 Nxd5 10. cxd5 Ne7 11. dxe5 dxe5 12. a4 a5 13. Bb2 Ng6 14. h4 Qe7 15. Nc3 axb4 16. Nb5 0-0 17. h5 Nh8 18. h6 g6 19. d6 cxd6 20. Nxd6 Rd8 21. Qd5+ Nf7 22. Nxc8 Raxc8 23. Qb3 e4 24. a5 Rd3 25. Qa4 Bc5 26. Bf1 Rcd8 27. Bxd3 exd3 28. 0-0-0 Qe6 29. Rd2 Nd6 30. Rxd3 Qc4+ 31. Qc2 Qb5 32. Qb3+ Kf8 33. Qe6 1-0

[Event "Otranto op 1st"]
[Site "Otranto"]
[Date "2011.05.22"]
[Round "2"]
[White "Pizzuto, Samuele Tullio"]
[Black "Palmitessa, Chiara"]
[Result "1-0"]
[WhiteElo "2136"]
[BlackElo "1927"]
[PlyCount "101"]
[EventDate "2011.05.21"]
[EventType "swiss"]
[EventRounds "9"]
[EventCountry "ITA"]
[SourceTitle "CBM 142 Extra"]
[Source "ChessBase"]
[SourceDate "2011.06.27"]
[SourceVersion "1"]
[SourceVersionDate "2011.06.27"]
[SourceQuality "1"]

1. e4 e5 2. Nc3 Nf6 3. Nf3 Nc6 4. g3 Bb4 5. Bg2 d6 6. d3 Be6 7. 0-0 Qd7 8. Ng5 Bg4 9. f3 Bc5+ 10. Kh1 Bh5 11. Na4 h6 12. Nh3 g5 13. Nxc5 dxc5 14. Ng1 0-0-0 15. Be3 Nd4 16. a3 Qa4 17. b3 Qb5 18. Rb1 Kb8 19. Ne2 Nxe2 20. Qxe2 Nxe4 21. c4 Nc3 22. Qc2 Qd7 23. Qxc3 Qxd3 24. Qxd3 Rxd3 25. Bxc5 Rhd8 26. Kg1 Bg6 27. Rb2 f5 28. Re1 Re8 29. Re3 Rd1+ 30. Kf2 a5 31. Re1 Rd3 32. Be3 e4 33. f4 g4 34. Bf1 Rd7 35. b4 axb4 36. axb4 Red8 37. Ra1 Rd1 38. Rxd1 Rxd1 39. Rd2 Rxd2+ 40. Bxd2 Bf7 41. Ke3 Kc8 42. Kd4 Kd7 43. Ke5 Be6 44. c5 Ke7 45. b5 c6 46. bxc6 bxc6 47. Ba6 h5 48. Ba5 e3 49. Kd4 Bd5 50. Kxe3 Be4 51. Kd4 1-0

[Event "Otranto op 1st"]
[Site "Otranto"]
[Date "2011.05.21"]
[Round "1"]
[White "Lazic, Miroljub"]
[Black "Pizzuto, Samuele Tullio"]
[Result "1-0"]
[WhiteElo "2471"]
[BlackElo "2136"]
[PlyCount "77"]
[EventDate "2011.05.21"]
[EventType "swiss"]
[EventRounds "9"]
[EventCountry "ITA"]
[SourceTitle "CBM 142 Extra"]
[Source "ChessBase"]
[SourceDate "2011.06.27"]
[SourceVersion "1"]
[SourceVersionDate "2011.06.27"]
[SourceQuality "1"]

1. g3 e5 2. c4 Nf6 3. Bg2 d5 4. cxd5 Nxd5 5. Nc3 Nb6 6. d3 Be7 7. Nf3 Nc6 8. 0-0 0-0 9. Be3 f6 10. a4 Be6 11. a5 Nd5 12. Nxd5 Bxd5 13. Qa4 Bb4 14. a6 bxa6 15. Rfc1 Qd6 16. Nxe5 Nxe5 17. Bxd5+ Qxd5 18. Qxb4 Rab8 19. Qd4 Qf7 20. Rxa6 c6 21. Rxa7 Qh5 22. Rc2 Rbd8 23. Qh4 Qg6 24. Kg2 Rfe8 25. h3 Qf5 26. Qf4 Qe6 27. Qa4 h5 28. d4 Nf7 29. Qxc6 Rd6 30. Qb7 h4 31. Rc7 Rf8 32. Re7 Qc4 33. Qf3 Qc2 34. gxh4 f5 35. h5 Rf6 36. Bf4 Qxb2 37. Be5 Rh6 38. Rxf7 Rxf7 39. Qa8+ 1-0

[Event "Schwarzach op 25th"]
[Site "Schwarzach"]
[Date "2010.08.26"]
[Round "6"]
[White "Grimberg, Boris"]
[Black "Pizzuto, Samuele Tullio"]
[Result "1-0"]
[WhiteElo "2355"]
[BlackElo "2168"]
[PlyCount "51"]
[EventDate "2010.08.21"]
[EventType "swiss"]
[EventRounds "9"]
[EventCountry "AUT"]
[SourceTitle "CBM 138 Extra"]
[Source "ChessBase"]
[SourceDate "2010.10.29"]
[SourceVersion "1"]
[SourceVersionDate "2010.10.29"]
[SourceQuality "1"]

1. e4 d5 2. exd5 Qxd5 3. Nc3 Qd6 4. d4 Nf6 5. Nf3 c6 6. Ne5 Nbd7 7. Nc4 Qc7 8. Qf3 Nb6 9. Bf4 Qd8 10. Be5 Bg4 11. Qg3 h5 12. h3 h4 13. Qf4 Be6 14. Nxb6 Qxb6 15. 0-0-0 Nd5 16. Nxd5 cxd5 17. Rd3 Bd7 18. Rb3 Qc6 19. Bb5 Qe6 20. Bd3 Bc6 21. Kb1 Qh6 22. Qf3 e6 23. Rxb7 f6 24. Bf4 g5 25. Qe2 Bd7 26. Bb5 1-0

[Event "ITA-ch sf 66th"]
[Site "Cortina d'Ampezzo"]
[Date "2006.07.09"]
[Round "1.1"]
[White "Garcia Palermo, Carlos H"]
[Black "Pizzuto, Samuele Tullio"]
[Result "1-0"]
[WhiteElo "2445"]
[BlackElo "2201"]
[PlyCount "69"]
[EventDate "2006.07.09"]
[EventType "swiss"]
[EventRounds "9"]
[EventCountry "ITA"]
[SourceTitle "EXT 2023"]
[Source "ChessBase"]
[SourceDate "2022.10.05"]
[SourceVersion "1"]
[SourceVersionDate "2022.10.05"]
[SourceQuality "1"]

1. d4 d5 2. Nf3 Nc6 3. Bf4 Bg4 4. e3 e6 5. c4 Bb4+ 6. Nc3 Nge7 7. Rc1 0-0 8. Bd3 f5 9. h3 Bxf3 10. Qxf3 Ng6 11. cxd5 exd5 12. 0-0 Nxf4 13. Qxf4 Ne7 14. a3 Bd6 15. Qh4 c6 16. Nb1 Rf6 17. Nd2 Rh6 18. Qg5 Rg6 19. Qh5 Qd7 20. f4 Rh6 21. Qe2 Rf8 22. Nf3 Ng6 23. Ne5 Nxe5 24. fxe5 Be7 25. Rf3 Rh4 26. Rcf1 g6 27. g4 Qd8 28. gxf5 gxf5 29. Rxf5 Rxf5 30. Bxf5 Kh8 31. Kh2 Bg5 32. Bg4 Qe7 33. Rf5 Kg7 34. Qf3 Kh6 35. Rf7 1-0

[Event "ITA-ch 65th"]
[Site "Cremona"]
[Date "2005.12.03"]
[Round "11"]
[White "Pizzuto, Samuele Tullio"]
[Black "Borgo, Giulio"]
[Result "0-1"]
[WhiteElo "2219"]
[BlackElo "2408"]
[PlyCount "78"]
[EventDate "2005.11.23"]
[EventType "tourn"]
[EventRounds "11"]
[EventCountry "ITA"]
[EventCategory "6"]
[SourceTitle "CBM 109 Extra"]
[Source "ChessBase"]
[SourceDate "2006.01.03"]
[SourceVersion "2"]
[SourceVersionDate "2006.01.03"]
[SourceQuality "1"]

1. d4 Nf6 2. Nc3 d6 3. Bg5 Nbd7 4. e4 e5 5. Nf3 c6 6. a4 Be7 7. Bc4 0-0 8. Bb3 Qc7 9. 0-0 Re8 10. Re1 h6 11. Bh4 b6 12. d5 Bb7 13. dxc6 Bxc6 14. Qe2 Rac8 15. Rad1 Nc5 16. Bxf6 Bxf6 17. Nd5 Bxd5 18. Bxd5 Nxa4 19. c3 Nc5 20. Nd2 g6 21. Nc4 Red8 22. Qg4 Kg7 23. Ne3 Bg5 24. Nf1 Qd7 25. Qf3 h5 26. Ba2 Rc7 27. g3 a5 28. h4 Bh6 29. Nh2 a4 30. Bd5 b5 31. Qe2 Rb8 32. Rf1 Qh3 33. Nf3 b4 34. Ng5 Qg4 35. Nf3 bxc3 36. bxc3 a3 37. Kg2 Rb2 38. Qe1 Bf4 39. Nd2 Nd3 0-1

[Event "ITA-ch 65th"]
[Site "Cremona"]
[Date "2005.11.27"]
[Round "5"]
[White "Pizzuto, Samuele Tullio"]
[Black "Piscopo, Pierluigi"]
[Result "1/2-1/2"]
[WhiteElo "2219"]
[BlackElo "2399"]
[PlyCount "84"]
[EventDate "2005.11.23"]
[EventType "tourn"]
[EventRounds "11"]
[EventCountry "ITA"]
[EventCategory "6"]
[SourceTitle "CBM 109 Extra"]
[Source "ChessBase"]
[SourceDate "2006.01.03"]
[SourceVersion "2"]
[SourceVersionDate "2006.01.03"]
[SourceQuality "1"]

1. d4 c5 2. dxc5 e6 3. Nc3 Nf6 4. e4 Nc6 5. Be3 Qa5 6. Bd3 Bxc5 7. Bxc5 Qxc5 8. Nf3 0-0 9. 0-0 a6 10. a3 b5 11. Qe2 d6 12. Rfe1 Bb7 13. Rad1 Rac8 14. h3 Nd7 15. Nb1 Nce5 16. c3 Nxf3+ 17. Qxf3 f5 18. Qe2 Ne5 19. exf5 exf5 20. Kh1 Rce8 21. Bc2 Qc6 22. Bb3+ Nc4 23. Qf1 d5 24. Bxc4 dxc4 25. f3 f4 26. Qf2 Re3 27. Rxe3 fxe3 28. Qxe3 Rxf3 29. Rd8+ Rf8 30. Rxf8+ Kxf8 31. Qf2+ Kg8 32. Nd2 Qh6 33. Kg1 Qg6 34. Nf1 Qg5 35. Kh2 h5 36. Ne3 h4 37. Nc2 Qe5+ 38. Kg1 Be4 39. Nd4 Qg5 40. Kh2 Kh7 41. Kg1 Kh6 42. Ne6 Qg3 1/2-1/2

[Event "ITA-ch 65th"]
[Site "Cremona"]
[Date "2005.11.25"]
[Round "3"]
[White "Pizzuto, Samuele Tullio"]
[Black "Rossi, Carlo"]
[Result "0-1"]
[WhiteElo "2219"]
[BlackElo "2357"]
[PlyCount "90"]
[EventDate "2005.11.23"]
[EventType "tourn"]
[EventRounds "11"]
[EventCountry "ITA"]
[EventCategory "6"]
[SourceTitle "CBM 109 Extra"]
[Source "ChessBase"]
[SourceDate "2006.01.03"]
[SourceVersion "2"]
[SourceVersionDate "2006.01.03"]
[SourceQuality "1"]

1. Nc3 Nc6 2. e4 Nf6 3. Nf3 d5 4. exd5 Nxd5 5. Bc4 Nb6 6. Bb3 e5 7. Qe2 Qe7 8. h3 Bf5 9. d3 0-0-0 10. Bd2 f6 11. 0-0-0 a5 12. Rhe1 Qc5 13. g4 Bg6 14. Ne4 Qb5 15. Nc3 Qa6 16. a4 Bc5 17. Nb5 Rhe8 18. Nh4 Re7 19. Nxg6 hxg6 20. Qe4 g5 21. h4 gxh4 22. g5 Kb8 23. Qxh4 Nd7 24. Be3 Bxe3+ 25. Rxe3 f5 26. g6 Nc5 27. Bc4 Qb6 28. d4 Red7 29. d5 Nxa4 30. Qh5 Na7 31. b3 Nxb5 32. bxa4 Nd6 33. Bb3 e4 34. Qe2 Rh8 35. Bc4 Rh2 36. Bb5 Re7 37. Rf1 Qd4 38. Kb1 f4 39. Rb3 Qxd5 40. Rd1 Qc5 41. Rf1 e3 42. Ba6 Ka7 43. Bd3 Ne4 44. Bxe4 Rxe4 45. Qf3 Rb4 0-1

[Event "Schwarzach op"]
[Site "Schwarzach"]
[Date "2005.08.??"]
[Round "7"]
[White "Hess, Christian"]
[Black "Pizzuto, Samuele Tullio"]
[Result "1/2-1/2"]
[WhiteElo "2119"]
[BlackElo "2219"]
[PlyCount "80"]
[EventDate "2005.08.??"]
[EventType "swiss"]
[EventRounds "9"]
[EventCountry "AUT"]
[SourceTitle "EXT 2007"]
[Source "ChessBase"]
[SourceDate "2006.11.23"]
[SourceVersion "1"]
[SourceVersionDate "2006.11.23"]
[SourceQuality "1"]

1. Nf3 Nc6 2. e4 e5 3. Bb5 Nge7 4. 0-0 a6 5. Bc4 Ng6 6. c3 Be7 7. d4 d6 8. Nbd2 0-0 9. Re1 Kh8 10. Bd3 Nf4 11. Bc2 Qd7 12. d5 Qg4 13. g3 Nb8 14. Nc4 Nh3+ 15. Kg2 Qh5 16. Ne3 g6 17. Ng1 Qxd1 18. Rxd1 Nxg1 19. Rxg1 a5 20. Bd2 Na6 21. b4 axb4 22. cxb4 Bd7 23. a4 f5 24. f3 Bg5 25. Rgb1 fxe4 26. Bxe4 c6 27. h4 Bh6 28. Rb2 Nc7 29. dxc6 bxc6 30. Nc4 Bxd2 31. Rxd2 d5 32. Nxe5 dxe4 33. Rxd7 exf3+ 34. Nxf3 Nd5 35. Ng5 h5 36. Nf7+ Kg8 37. Nh6+ Kh8 38. Nf7+ Kg8 39. Nh6+ Kh8 40. Nf7+ Kg8 1/2-1/2

[Event "Schwarzach op"]
[Site "Schwarzach"]
[Date "2005.08.??"]
[Round "4"]
[White "Luther, Thomas"]
[Black "Pizzuto, Samuele Tullio"]
[Result "1-0"]
[WhiteElo "2569"]
[BlackElo "2219"]
[PlyCount "81"]
[EventDate "2005.08.??"]
[EventType "swiss"]
[EventRounds "9"]
[EventCountry "AUT"]
[SourceTitle "EXT 2007"]
[Source "ChessBase"]
[SourceDate "2006.11.23"]
[SourceVersion "1"]
[SourceVersionDate "2006.11.23"]
[SourceQuality "1"]

1. e4 d5 2. exd5 Qxd5 3. Nc3 Qd6 4. d4 Nf6 5. Be3 Bg4 6. Qd2 Nc6 7. d5 Nb8 8. f3 Bf5 9. g4 Bg6 10. 0-0-0 e5 11. h4 h6 12. h5 Bh7 13. Bd3 Bxd3 14. Qxd3 a6 15. Nge2 Nbd7 16. Ng3 Nc5 17. Qf5 Be7 18. a3 b5 19. Bxc5 Qxc5 20. Qxe5 0-0-0 21. Nge4 Qe3+ 22. Kb1 Rhe8 23. Qf5+ Kb8 24. Rhe1 Qb6 25. Nxf6 Bxf6 26. Rxe8 Rxe8 27. Ne4 Rd8 28. d6 Rxd6 29. Nxd6 cxd6 30. c3 Kc7 31. Qd5 Qc6 32. Qxf7+ Kb6 33. Qd5 Be5 34. Qxc6+ Kxc6 35. Kc2 d5 36. Kb3 Kc5 37. a4 Bf6 38. f4 Be7 39. Rg1 Bd6 40. f5 Be7 41. Re1 1-0

[Event "Schwarzach op"]
[Site "Schwarzach"]
[Date "2005.08.??"]
[Round "8"]
[White "Pizzuto, Samuele Tullio"]
[Black "Groetz, Harald"]
[Result "1-0"]
[WhiteElo "2219"]
[BlackElo "2325"]
[PlyCount "71"]
[EventDate "2005.08.??"]
[EventType "swiss"]
[EventRounds "9"]
[EventCountry "AUT"]
[SourceTitle "EXT 2007"]
[Source "ChessBase"]
[SourceDate "2006.11.23"]
[SourceVersion "1"]
[SourceVersionDate "2006.11.23"]
[SourceQuality "1"]

1. d4 Nf6 2. Nc3 d5 3. Bg5 Nbd7 4. e3 e6 5. Qf3 Be7 6. 0-0-0 c6 7. g4 e5 8. h4 h6 9. Bxf6 Bxf6 10. Qg3 g6 11. Bg2 Bg7 12. Nge2 Qa5 13. Kb1 b5 14. Nc1 0-0 15. f4 exd4 16. exd4 Qc7 17. Qf3 Nf6 18. f5 b4 19. N3e2 Ne4 20. Nd3 Ba6 21. g5 hxg5 22. hxg5 Qd6 23. Qg4 Bxd3 24. cxd3 Nf2 25. Qh4 Nxh1 26. Rxh1 f6 27. Qh7+ Kf7 28. Qxg6+ Ke7 29. Qxg7+ Rf7 30. Qg6 fxg5 31. Qxg5+ Qf6 32. Qe3+ Kd7 33. Rh6 Qe7 34. Qe6+ Kc7 35. Qxc6+ Kb8 36. Bxd5 1-0

[Event "ITA-ch sf"]
[Site "Massafra"]
[Date "2005.06.23"]
[Round "6"]
[White "Pizzuto, Samuele Tullio"]
[Black "Cucinella, Vincenzo"]
[Result "1/2-1/2"]
[WhiteElo "2181"]
[BlackElo "2113"]
[PlyCount "27"]
[EventDate "2005.06.18"]
[EventType "swiss"]
[EventRounds "7"]
[EventCountry "ITA"]
[SourceTitle "CBM 106 Extra"]
[Source "ChessBase"]
[SourceDate "2005.07.01"]
[SourceVersion "1"]
[SourceVersionDate "2005.07.01"]
[SourceQuality "1"]

1. e4 c5 2. Nc3 Nc6 3. g3 g6 4. Bg2 Bg7 5. d3 d6 6. Be3 Rb8 7. Qd2 b5 8. Nge2 b4 9. Nd1 Nd4 10. c3 Nxe2 11. Qxe2 bxc3 12. bxc3 e6 13. 0-0 Ne7 14. Qd2 1/2-1/2

[Event "ITA-ch sf"]
[Site "Massafra"]
[Date "2005.06.21"]
[Round "4"]
[White "Pizzuto, Samuele Tullio"]
[Black "Scalcione, Michelangelo"]
[Result "0-1"]
[WhiteElo "2181"]
[BlackElo "2242"]
[PlyCount "102"]
[EventDate "2005.06.18"]
[EventType "swiss"]
[EventRounds "7"]
[EventCountry "ITA"]
[SourceTitle "CBM 106 Extra"]
[Source "ChessBase"]
[SourceDate "2005.07.01"]
[SourceVersion "1"]
[SourceVersionDate "2005.07.01"]
[SourceQuality "1"]

1. e4 d6 2. d4 Nf6 3. Nc3 e5 4. Nf3 Nbd7 5. Be2 Be7 6. 0-0 0-0 7. h3 c6 8. a4 Qc7 9. Be3 b6 10. Nd2 a6 11. Re1 Bb7 12. dxe5 dxe5 13. Bf3 Rfd8 14. Qe2 b5 15. a5 Bb4 16. Nb3 c5 17. Bd2 c4 18. Nd5 Nxd5 19. exd5 Bd6 20. Nc1 Re8 21. Be4 g6 22. g4 Nf6 23. Qf3 Nxe4 24. Qxe4 Qd7 25. Bh6 f6 26. Ne2 Rad8 27. Ng3 Bf8 28. Qe3 Qxd5 29. Ne4 Qxe4 30. Qxe4 Bxe4 31. Bxf8 Bxc2 32. Bb4 Rd3 33. Rac1 Bb3 34. Kg2 Kf7 35. Bc3 g5 36. h4 gxh4 37. f3 Red8 38. g5 Rg8 39. Kf2 Rxg5 40. Re3 Rxe3 41. Kxe3 h3 42. Rh1 Rg2 43. f4 Rg3+ 44. Ke4 Bc2+ 45. Kd5 exf4 46. Rh2 Bf5 47. Rf2 Rg2 48. Rxg2 hxg2 49. Bd4 h5 50. Kc6 b4 51. Kb7 c3 0-1

[Event "ITA-ch sf"]
[Site "Massafra"]
[Date "2005.06.20"]
[Round "3"]
[White "Astengo, Marcello"]
[Black "Pizzuto, Samuele Tullio"]
[Result "0-1"]
[WhiteElo "2120"]
[BlackElo "2181"]
[PlyCount "80"]
[EventDate "2005.06.18"]
[EventType "swiss"]
[EventRounds "7"]
[EventCountry "ITA"]
[SourceTitle "CBM 106 Extra"]
[Source "ChessBase"]
[SourceDate "2005.07.01"]
[SourceVersion "1"]
[SourceVersionDate "2005.07.01"]
[SourceQuality "1"]

1. d4 d5 2. c4 Nc6 3. cxd5 Qxd5 4. Nf3 e5 5. Nc3 Bb4 6. Bd2 Bxc3 7. Bxc3 e4 8. Ng1 Nf6 9. e3 0-0 10. Ne2 Ne7 11. Nf4 Qf5 12. Bc4 Ned5 13. Nxd5 Nxd5 14. 0-0 Be6 15. Qe2 Qg5 16. Kh1 Rad8 17. Bd2 Rfe8 18. Rac1 c6 19. a4 Qh4 20. b4 Rd6 21. g3 Qh3 22. f3 Bf5 23. Kg1 Rh6 24. Rf2 Rg6 25. Ba2 h5 26. Qf1 Qh4 27. Bb1 Qe7 28. b5 h4 29. Rg2 exf3 30. Qxf3 Bg4 31. Qf2 h3 32. Bxg6 hxg2 33. bxc6 bxc6 34. Rxc6 fxg6 35. Rxg6 Qe4 36. Rg5 Bf3 37. h4 Rb8 38. Re5 Qg4 39. e4 Qh3 40. Qxf3 Qh1+ 0-1